Countries Of The World With No Roman Numerals In Their Name - Statistics

General Stats
  • This quiz has been taken 37 times
  • The average score is 8 of 21
Answer Stats
Answer % Correct
Japan
71%
Togo
64%
Paraguay
57%
Norway
50%
Uruguay
50%
Peru
46%
Egypt
43%
Ghana
43%
Guyana
43%
Qatar
39%
Hungary
36%
Gabon
32%
Kenya
32%
Bhutan
29%
Turkey
29%
Kazakhstan
21%
North Korea
21%
South Korea
21%
Kyrgyzstan
18%
Botswana
11%
Nauru
7%
No matching quizzes found
Score Distribution
Percent of People with Each Score
Percentile by Number Answered
Your Score History
You have not taken this quiz